00681nam a22001937a 4500003000500000005001700005008004100022010001000063011001000073035001000083040000900093100003900102245013100141260003800272300002800310502009900338650001400437650003600451CHAP20220824115950.0971013s r 00010 d a14738 a15710 a19786 cCHAP00aGovea Echavarría, María Elena. aPrueba de campo de tres fitorreguladores aplicados de diversas maneras en la calabaza (Cucurbita pepo), variedad grey Zucchini aMonterrey, N.L. :bEl autorc1983 a46 h.b: ilus. : tablas aTesis (Ing. Agrónomo en Producción) -- ITESM. Div. de Ciencias Agropecuarias y Marítimas14aCalabaza.14aPlantasxCrecimientoxAditivos.